00515nam a2200193Ia 4500003000400000005001700004008004100021020002200062040000700084041000800091082002300099100002100122245005300143260005900196300001200255365001300267650001800280650002300298OSt20230620122226.0210423s2014 xx 000 0 und d a978-81-921355-7-1 cAL aeng a302.234223b TRIE aTRIPATHI (Ramji) aElectronic media: radio television and new media aBhopalbMakhanlal Chaturvedi National Universityc2014 a288bPB b300cINR aCommunication aSocial Interaction